Les grands volcans du pacifique - Statistiques

Statistiques générales
  • Ce quiz a été pris 10 fois
  • Le résultat moyen est 3 sur 15
Statistiques - réponses
Volcans du Pacifique % Correct
11 Mont Saint Helens
78%
8 Mont Fuji
56%
13 Pinatubo
56%
6 Koriakski
44%
5 Krakatoa
22%
7 Mayon
11%
12 Nevado Ojos del Salado
11%
1 Ambrym
0%
2 Arenal
0%
3 Augustine
0%
4 Cotopaxi
0%
9 Mont Rainier
0%
10 Mont Ruapehu
0%
14 Popocatepetl
0%
15 Rabaul
0%
Aucun quiz correspondant
Distribution des résultats
% des personnes avec chaque résultat
Percentile par nombre de réponses
Votre historique - résultats
Vous n’avez pas pris ce quiz